EVERY Fire Emblem Playable Character - Statistics

General Stats
  • This quiz has been taken 4,954 times
    4,698 since last reset
  • The average score is 330 of 623
Answer Stats
FirstGame Character % Correct
FE1/3/11/12 Marth
94%
FE2/15 Tobin
89%
FE4/5 Ced
88%
FE14 Corrin/Avatar
88%
FE9/10 Ike
87%
FE4 Seliph
87%
FE2/15 Alm
86%
FE13 Chrom
86%
FE13 Robin/Avatar
86%
FE6 Roy
86%
FE14 Leo
85%
FE7 Lyn
84%
FE1/3/11/12 Caeda
83%
FE4 Claud
83%
FE16 Claude
83%
FE1/3/11/12 | FE5 Cain
82%
FE5 Fred
82%
FE7 Hector
82%
FE4 Sigurd
82%
FE1/3/11/12 Cord
81%
FE16 Edelgard
81%
FE7 Eliwood
81%
FE2/15 Leon
81%
FE13 Lucina
81%
FE16 Byleth
80%
FE16 Dimitri
80%
FE6 Fae
80%
FE1/3/11/12 Abel
79%
FE1/3/11/12 Maria
79%
FE1/3/11/12/13 Tiki
79%
FE14 Camilla
78%
FE2/15 Celica
78%
FE1/3/11/12 Jagen
78%
FE17 (DLC) Nil/Rafal
78%
FE13 | FE14 (DLC) | FE16 (DLC) | FE17 Anna
77%
FE8 Eirika
77%
FE8 Ephraim
77%
FE4/5 Leif
77%
FE6 Sin
77%
FE14 Xander
77%
FE17 Alear
76%
FE1/3/11/12 | FE2/15 Est
76%
FE13/14 Owain/Odin
76%
FE1/3/11/12 Draug
75%
FE16 Hilda
75%
FE13 Lissa
75%
FE1/2/3/11/12/15 Palla
75%
FE14 Ryoma
75%
FE13/14 Severa/Selena
75%
FE9/10 Soren
75%
FE6 Cath
74%
FE1/2/3/11/12/15 Catria
74%
FE14 Elise
74%
FE10 Micaiah
74%
FE5 Perne
74%
FE8 Seth
74%
FE14 | FE4 Arthur
73%
FE16 Felix
73%
FE13 Frederick
73%
FE9/10 Haar
73%
FE14 Kana
73%
FE6 Raigh
73%
FE14 Sakura
73%
FE13 Tharja
73%
FE9/10 Titania
73%
FE16 Bernadetta
72%
FE16 Dorothea
72%
FE16 Hubert
72%
FE13/14 Inigo/Laslow
72%
FE1/3/11 Lorenz
72%
FE17 Louis
72%
FE16 Sylvain
72%
FE14 Takumi
72%
FE16 Dedue
71%
FE16 Ferdinand
71%
FE16 Ingrid
71%
FE2/15 Kliff
71%
FE16 Lorenz
71%
FE16 Mercedes
71%
FE16 Annette
70%
FE14 Azura
70%
FE6 Elen
70%
FE2/15 Mae
70%
FE16 Raphael
70%
FE16 Ashe
69%
FE16 Caspar
69%
FE13 Cordelia
69%
FE2/15 Gray
69%
FE14 Hinoka
69%
FE4 Julia
69%
FE13 Panne
69%
FE3/12 Yuliya
69%
FE15 Faye
68%
FE6 Lilina
68%
FE16 Lysithea
68%
FE16 Marianne
68%
FE9/10 Mist
68%
FE7 Ninian
68%
FE9/10 Sothe
68%
FE13 Sully
68%
FE2/15 Boey
67%
FE7 Florina
67%
FE16 Ignatz
67%
FE14 Kaze
67%
FE5 Lara
67%
FE2/15 Lukas
67%
FE1/3/11/12 Minerva
67%
FE13 Sumia
67%
FE16 (DLC) Yuri
67%
FE1/3/11/12 Bord
66%
FE9/10 Boyd
66%
FE5 Dean
66%
FE14 Felicia
66%
FE16 Flayn
66%
FE13 Gregor
66%
FE6/7 Marcus
66%
FE7 Nino
66%
FE13 Nowi
66%
FE16 Petra
66%
FE7 Sain
66%
FE16 Seteth
66%
FE13 Virion
66%
FE1/3/11/12 Gordin
65%
FE14 Jakob
65%
FE7 Kent
65%
FE4 Lene
65%
FE16 Linhardt
65%
FE9/10 Oscar
65%
FE16 Shamir
65%
FE8 Tana
65%
FE13 Vaike
65%
FE2/3/12/15 Zeke/Sirius
65%
FE16 Catherine
64%
FE16 (DLC) Hapi
64%
FE17 Ivy
64%
FE7 Matthew
64%
FE13 Morgan
64%
FE14 Saizo
64%
FE8 Artur
63%
FE2/15 Clive
63%
FE16 (DLC) Constance
63%
FE13 Gaius
63%
FE13 Nah
63%
FE2/15 Python
63%
FE2/15 Saber
63%
FE6 Shanna
63%
FE13 Stahl
63%
FE17 Alfred
62%
FE16 (DLC) Balthus
62%
FE1/3/11/12 Barst
62%
FE6/7 Bartre
62%
FE17 Diamant
62%
FE4/5 Finn
62%
FE2/15 Kamui
62%
FE8 L'Arachel
62%
FE16 Leonie
62%
FE8 Lute
62%
FE13 Maribelle
62%
FE9/10 Mia
62%
FE13 Miriel
62%
FE3/12 Nyna
62%
FE13 Olivia
62%
FE7 Serra
62%
FE2/15 Sonya
62%
FE7 Wil
62%
FE4 Deirdre
61%
FE9/10 Elincia
61%
FE7 Erk
61%
FE2/15 Genny
61%
FE7 Jaffar
61%
FE9/10 Jill
61%
FE8 Joshua
61%
FE12 Kris
61%
FE9/10 Lethe
61%
FE1/3/11/12 Navarre
61%
FE7 Nils
61%
FE4 Quan
61%
FE7 Rebecca
61%
FE9/10 Rolf
61%
FE8 Ross
61%
FE9/10 Shinon
61%
FE2/15 Silque
61%
FE4 Charlot
60%
FE2/15 Clair
60%
FE7 Dorcas
60%
FE14 Flora
60%
FE14 Hana
60%
FE13 Henry
60%
FE8 Innes
60%
FE10 Leanne
60%
FE13 Lon'qu
60%
FE7 Lucius
60%
FE2/15 Mathilda
60%
FE1/3/11/12 Merric
60%
FE7 Pent
60%
FE7 Raven
60%
FE2/15 Valbar
60%
FE17 Alcryst
59%
FE8 Amelia
59%
FE4 Ayra
59%
FE14 Beruka
59%
FE13 Cherche
59%
FE2/15 Deen
59%
FE14 Effie
59%
FE6 Fir
59%
FE2/15 Forsyth
59%
FE17 Framme
59%
FE4 Hawk
59%
FE16 Manuela
59%
FE8 Myrrh
59%
FE4/5 Nanna
59%
FE14 Niles
59%
FE1/3/11/12 Ogma
59%
FE9/10 Tibarn
59%
FE1/3/11/12 Wolf
59%
FE6 Wolt
59%
FE17 Clanne
58%
FE2/15 Delthea
58%
FE8 Forde
58%
FE17 Hortensia
58%
FE14 Kagero
58%
FE6/7 Karel
58%
FE13 Kellam
58%
FE17 Lapis
58%
FE9/10 Mordecai
58%
FE14 Oboro
58%
FE13 Ricken
58%
FE13 Say'ri
58%
FE8 Vanessa
58%
FE1/11/12 Wrys
58%
FE4/5 Brigid/Eyvel
57%
FE3/12 Cecil
57%
FE17 Céline
57%
FE8 Colm
57%
FE4 Erinys
57%
FE7 Fiora
57%
FE8 Garcia
57%
FE14 Gunter
57%
FE7 Heath
57%
FE17 Jean
57%
FE8 Kyle
57%
FE14 Peri
57%
FE6 Sophia
57%
FE4 Arden
56%
FE17 Chloé
56%
FE4 Ethlyn
56%
FE8 Franz
56%
FE9/10 Gatrie
56%
FE16 Hanneman
56%
FE14 Hinata
56%
FE16 Jeritza
56%
FE7 Karla
56%
FE1/3/11/12 Lena
56%
FE9/10 Lucia
56%
FE6 Lugh
56%
FE9/10 Marcia
56%
FE8 Neimi
56%
FE9/10 Nephenee
56%
FE7 Rath
56%
FE14 Rhajat
56%
FE9/10 Rhys
56%
FE14 Silas
56%
FE2/15 Tatiana
56%
FE8 Tethys
56%
FE17 Timerra
56%
FE5 Tina
56%
FE17 Vander
56%
FE17 Citrinne
55%
FE16 Cyril
55%
FE13 Donnel
55%
FE8 Ewan
55%
FE7 Farina
55%
FE8 Gerik
55%
FE7 Guy
55%
FE6 Gwendolyn
55%
FE1/3/11 Hardin
55%
FE4 Lewyn
55%
FE4 Lex
55%
FE7 Louise
55%
FE8 Marisa
55%
FE8 Moulder
55%
FE2/15 Mycen
55%
FE9/10 Naesala
55%
FE9/10 Reyson
55%
FE14 Subaki
55%
FE16 Alois
54%
FE14 Azama
54%
FE13 Cynthia
54%
FE10 Edward
54%
FE17 Etie
54%
FE16 Gilbert
54%
FE8 Gilliam
54%
FE17 Goldmary
54%
FE7 Hawkeye
54%
FE6 Lance
54%
FE2/15 Luthier
54%
FE8 Natasha
54%
FE14 Setsuna
54%
FE6 Sue
54%
FE17 Veyle
54%
FE17 Yunaka
54%
FE6 Alen
53%
FE14 Benny
53%
FE10 Black Knight
53%
FE6 Dieck
53%
FE13 (SP) Emmeryn
53%
FE13 Flavia
53%
FE17 Fogado
53%
FE9/10 Ilyana
53%
FE4 Lachesis
53%
FE13 Laurent
53%
FE6/7 Merlinus
53%
FE13 Noire
53%
FE7 Oswin
53%
FE17 Panette
53%
FE7 Priscilla
53%
FE9/10 Ranulf
53%
FE17 Rosado
53%
FE6 Rutger
53%
FE7 Athos
52%
FE2/15 Atlas
52%
FE4 Azelle
52%
FE6 Bors
52%
FE17 Boucheron
52%
FE14 Caeldori
52%
FE14 Charlotte
52%
FE15 Conrad
52%
FE17 Jade
52%
FE10 Leonardo
52%
FE13 Libra
52%
FE1/3/11/12 Linde
52%
FE7 Lowen
52%
FE6 Melady
52%
FE14 Nina
52%
FE13 Basilio
51%
FE7 Canas
51%
FE8 Cormag
51%
FE8 Dozla
51%
FE8 Duessel
51%
FE14 Forrest
51%
FE13 (SP) Gangrel
51%
FE13 Gerome
51%
FE17 Kagetsu
51%
FE13 Kjelle
51%
FE8 Knoll
51%
FE14 Midori
51%
FE6 Thea
51%
FE13 (SP) Walhart
51%
FE1/3/11/12 Arran
50%
FE13 Brady
50%
FE9/10 Brom
50%
FE6 Chad
50%
FE17 Merrin
50%
FE14 Ophelia
50%
FE4 Sylvia
50%
FE9/10 Volke
50%
FE7 Wallace
50%
FE13 Yarne
50%
FE4 Alec
49%
FE17 Amber
49%
FE9/10 Astrid
49%
FE14 Asugi
49%
FE13 (SP) Aversa
49%
FE6 Cecilia
49%
FE6 Clarine
49%
FE6 Dorothy
49%
FE9/10 Geoffrey
49%
FE2/15 Jesse
49%
FE1/3/11/12 Julian
49%
FE6 Klein
49%
FE4 Larcei
49%
FE11/12 Nagi
49%
FE4 Naoise
49%
FE17 (DLC) Nel
49%
FE8 Rennac
49%
FE14 Rinkah
49%
FE14 Shigure
49%
FE9/10 Tormod
49%
FE7 Dart
48%
FE9/10 Kieran
48%
FE7 Legault
48%
FE9/10 Makalov
48%
FE6 Noah
48%
FE14 Orochi
48%
FE17 Pandreo
48%
FE8 Saleh
48%
FE1/3/11/12 Sedgar
48%
FE14 Siegbert
48%
FE14 Sophie
48%
FE8 Syrene
48%
FE4 Tailtiu
48%
FE4 Tine
48%
FE17 Zelkov
48%
FE9/10 Zihark
48%
FE4 Ares
47%
FE11/12 Athena
47%
FE14 Dwyer
47%
FE7 Harken
47%
FE7 Isadora
47%
FE4 Jamke
47%
FE17 Mauvier
47%
FE10 Meg
47%
FE6 Niime
47%
FE14 Nyx
47%
FE5 Olwen
47%
FE8 Orson
47%
FE13 (SP) Priam
47%
FE10 Sanaki
47%
FE6 Saul
47%
FE9/10 Tanith
47%
FE6 Barthe
46%
FE17 Bunet
46%
FE4 Dew
46%
FE4 Fee
46%
FE6 Gonzalez
46%
FE6 Juno
46%
FE14 Keaton
46%
FE10 Nailah
46%
FE10 Nolan
46%
FE2/15 Nomah
46%
FE11/12 Norne
46%
FE14 Scarlet
46%
FE1/3/11/12 Bantu
45%
FE5 Dagdar
45%
FE6 Echidna
45%
FE9/10 Ena
45%
FE14 Hayato
45%
FE14 Kaden
45%
FE10 Laura
45%
FE6 Lot
45%
FE14 Percy
45%
FE7 Renault
45%
FE1/3/11/12 Roshea
45%
FE4 Shannan
45%
FE14 Soleil
45%
FE4 Altena
44%
FE9/10 Bastian
44%
FE4 Beowulf
44%
FE1/3/11 Gotoh
44%
FE6 Hugh
44%
FE6 Igrene
44%
FE1/3/11/12 Jeorge
44%
FE4 Lana
44%
FE3/12 Luke
44%
FE4 Oifey
44%
FE10 Oliver
44%
FE4 Patty
44%
FE6 Perceval
44%
FE14 Selkie
44%
FE14 Shiro
44%
FE7 Vaida
44%
FE14 Velouria
44%
FE13 (SP) Yen'fay
44%
FE6 Zelot
44%
FE1/11/12 Darros
43%
FE4 Edain
43%
FE1/3/11/12 Elice
43%
FE10 Fiona
43%
FE17 (DLC) Gregory
43%
FE5 Mareeta
43%
FE4 Midir
43%
FE14 Mozu
43%
FE9/10 Muarim
43%
FE10 Rafiel
43%
FE14 Reina
43%
FE14 Shura
43%
FE10 Aran
42%
FE10 Caineghis
42%
FE1/3/11/12 Castor
42%
FE9/10 Devdan/Danved
42%
FE6 Garret
42%
FE1/11/12 Jake
42%
FE12 Katarina
42%
FE6 Larum
42%
FE10 Lyre
42%
FE6 Ogier
42%
FE5 Sara
42%
FE4 Scáthach
42%
FE10 Sigrun
42%
FE6 Trec
42%
FE9/10 Ulki
42%
FE10 Vika
42%
FE1/3/11/12 Vyland
42%
FE6 Wade
42%
FE14 Fuga
41%
FE14 Izana
41%
FE9/10 Janaff
41%
FE10 Kurthnaga
41%
FE1/3/11/12 Matthis
41%
FE10 Sephiran/Lehran
41%
FE9/10 Stefan
41%
FE5 Tanya
41%
FE11/12 Frey
40%
FE6 Geese
40%
FE5 Lifis
40%
FE9/10 Nasir
40%
FE17 Seadall
40%
FE1/3/11/12 Xane
40%
FE5 Asbel
39%
FE4 Chulainn
39%
FE9/10 Giffca
39%
FE14 Ignatius
39%
FE14 Kiragi
39%
FE17 Lindon
39%
FE5 Osian
39%
FE5 Safy
39%
FE5 Shannam
39%
FE3/12 Sheena
39%
FE17 (DLC) Zelestia
39%
FE6 Astolfo
38%
FE1/3/11/12 Astram
38%
FE9/10 Calill
38%
FE10 Heather
38%
FE14 Mitama
38%
FE10 Pelleas
38%
FE3/12 Roderick
38%
FE9/10 Tauroneo
38%
FE10 Volug
38%
FE1/3/11/12 Wendell
38%
FE14 Yukimura
38%
FE6 Elffin
37%
FE7 Geitz
37%
FE4 Hannibal
37%
FE5 Karin
37%
FE9 Largo
37%
FE5 Marty
37%
FE1/3/11/12 Rickard
37%
FE15 (DLC) Shade
37%
FE5 Eda
36%
FE15 (DLC) Emma
36%
FE3/12 Jubelo
36%
FE12 Michalis
36%
FE1/3/11/12 Samson
36%
FE6 Zeiss
36%
FE6 Douglas
35%
FE14 Hisame
35%
FE10 Kyza
35%
FE10 Nealuchi
35%
FE1/11/12 Roger
35%
FE6 Yoder
35%
FE6 Dayan
34%
FE4/5 Diarmuid
34%
FE17 (DLC) Madeline
34%
FE12 Malice
34%
FE1/3/11/12 Midia
34%
FE1/3/11/12 Radd
34%
FE10 Skrimir
34%
FE1/3/11/12 Tomas
34%
FE15 (DLC) Yuzu
34%
FE1/3/11/12 Caesar
33%
FE4 Coirpre
33%
FE5 Miranda
33%
FE5 Robert
33%
FE12 Roberto
33%
FE5 Ronan
33%
FE5 Galzus
32%
FE5 Halvan
32%
FE4 Lester
32%
FE15 (DLC) Randal
32%
FE3/12 Ryan
32%
FE5 Saias
32%
FE5 Salem
32%
FE1/3/11 Boah
31%
FE4 Daisy
31%
FE1/3/11/12 Dolph
31%
FE4 Febail
31%
FE4 Iuchar
31%
FE17 Saphir
31%
FE11/12 Ymir
31%
FE11/12 Etzel
30%
FE10 Gareth
30%
FE5 Homer
30%
FE1/3/11/12 Macellan
30%
FE5 Machyua
30%
FE3/12 Phina
30%
FE1/11/12 Beck
29%
FE4 Iucharba
29%
FE5 Linoan
29%
FE5 Xavier
29%
FE5 Fergus
28%
FE11/12 Horace
28%
FE5 Shiva
28%
FE12 Dice
27%
FE10 Renning
27%
FE5 Selphina
27%
FE4 Linda
26%
FE4 Muirne
26%
FE5 Brighton
25%
FE4 Creidne
25%
FE3/12 Marisha
25%
FE5 Ralf
25%
FE5 Alva
24%
FE5 Dalsin
24%
FE12 Belf
23%
FE5 Carrion
23%
FE4 Hermina
23%
FE5 Hicks
23%
FE3/12 Samuel
23%
FE5 Sleuf
23%
FE5 Amalda
22%
FE12 Frost
22%
FE5 Trewd
22%
FE3/12 Warren
22%
FE4 Asaello
21%
FE5 Conomore
21%
FE5 Glade
21%
FE4 Jeanne
21%
FE4 Laylea
21%
FE5 Misha
21%
FE4 Tristan
21%
FE4 Amid
20%
FE3/12 Arlen
20%
FE4 Dalvin
19%
FE5 Ilios
19%
FE4 Deimne
17%
FE12 Reidon
17%
No matching quizzes found
Score Distribution
Percent of People with Each Score
Percentile by Number Answered
Your Score History
You have not taken this quiz since the last reset